00637nam a2200193Ia 4500003000900000008004100009020001800050040001600068080001500084100001900099245012100118260004800239300001300287490004900300650004100349650002000390650002100410650001200431IN-BaIIA211028s9999 xx 000 0 eng d a0-521-35159-6 cIIA Library a539.1bROB aRoberts, R. G. 4aThe structure of the protonbdeep inelastic scatteringcR. G. Roberts  aCambridgebCambridge University Pressc1990 aix,182p. aCambridge monographs on mathematical physics aAstronomy and astrophysics thesaurus aNuclear physics aParticle physics aProtons